header

Essential economics (Record no. 125001)

MARC details
000 -LEADER
fixed length control field 01352nam a2200361 a 4500
082 04 - DEWEY DECIMAL CLASSIFICATION NUMBER
Classification number 330.03
100 1# - MAIN ENTRY--AUTHOR NAME
Personal name Bishop, Matthew,
245 10 - TITLE STATEMENT
Title Essential economics
260 ## - PUBLICATION, DISTRIBUTION, ETC. (IMPRINT)
Place of publication London :
Name of publisher Economist in Association with Profile Books,
Year of publication c2004.
300 ## - PHYSICAL DESCRIPTION
Number of Pages vi, 282 p.
490 1# - SERIES STATEMENT
Series statement Economist books
500 ## - GENERAL NOTE
General note "Developed from a title previously published as Pocket economist"--T.p. verso.
650 #0 - SUBJECT ADDED ENTRY--TOPICAL TERM
Topical Term Economics
Topical Term Economics
700 1# - ADDED ENTRY--PERSONAL NAME
Personal name Bishop, Matthew,
856 40 - ELECTRONIC LOCATION AND ACCESS
Uniform Resource Identifier http://site.ebrary.com/lib/rucke/Doc?id=10210702

No items available.

© 2026 Rongo University
Contact us: librarian | system librarian | Rongo university